000 01511nam a2200361 c 4500
003 BLK
005 20180707132302.0
008 180411b bul|||||r ||||||| ||bul||
010 _aKNG00202857000
020 _a978-954-27-1587-0
_bиздат.: Егмонт България
040 _aBLK
041 _aBUL
_cBUL
072 7 _2bullib
_aН85
_xДетска художествена литература Н
080 _aАмериканска литература (на САЩ)
_b821.111(73)
_x-93-32
_z821.111(73)-93-32
100 1 _aРодки, Джеф
_eпърви автор
_9116612
700 1 _aЯнков, Мартин
_eпрев.
_9382767
139 _aРодки, Джеф
_bР 74
245 1 0 _aБлизнаците Тапър вилнеят из Ню Йорк
_cДжеф Родки; прев. Мартин Янков.
257 _aUSA
260 София
_bЕгмонт България
_c2016
_fСофия : Инвестпрес
300 _a260 с.
_bс ил.
_c21 см
380 _aDX
500 _aОриг. загл. Tapper Twins Tear Up New York / Geoff Rodkey. - На гърба на кор. означено кн. 2. - 1 200 тир.
653 _aповести
653 _aлитература за деца
653 _aдетска литература
659 _aН
852 _aЦб 274532
856 4 _qpdf
_u
856 4 _qpdf
_u
942 _cKNG
_n0
_02
944 _aCR
_c14.03.2017
_lф /
_kВиолета_Тройчева
944 _aED
_c14.06.2017
_lф /
_kЛюдмила_Стоянова
999 _c193641
_d193641